000 00624nam a22001817a 4500
008 131112b xxu||||| |||| 00| 0 eng d
020 _a1860581722
041 0 _aeng
080 _a338.36
245 0 0 _aAdvances in manufacturing technology - XII :
_cedited by : R.W. Baines, a. Taleb-Bendiab, Z. Zhaoo
300 _a790 f. :
_bme il. ;
_c24 cm.
500 _aPreface : f. XVIV
505 _aIncludes references and authors index f. 791-793
650 0 _aProdhimi industrial
650 0 _aMenaxhimi
650 0 _aTeknologjia
942 _2udc
_cBK
999 _c280
_d280